Εκπαίδευση και κοινωνία: μια 'ετεροπαιδαγωγική' διαχρονική προσέγγιση.
Αποθηκεύτηκε σε:
| Κύριος συγγραφέας: | |
|---|---|
| Μορφή: | Βιβλίο |
| Γλώσσα: | Greek |
| Δημοσίευση: |
Αθήνα:
Διάδραση,
2021.
|
| Θέματα: | |
| Ετικέτες: |
Προσθήκη ετικέτας
Δεν υπάρχουν, Καταχωρήστε ετικέτα πρώτοι!
|
MARC
| LEADER | 00000cam a2200000 a 4500 | ||
|---|---|---|---|
| 001 | 1/124836 | ||
| 008 | 220513s2021####gr | ||| |||| ||gre|| | ||
| 020 | |a 9789606460098 | ||
| 040 | |a GR-MyUa |b gre |c GR-MyUa |e AACR2 | ||
| 041 | 1 | |a gre | |
| 082 | 7 | |a 306.43 |2 (23) | |
| 100 | 1 | |a Καλογιαννάκη-Χουρδάκη, Πέλλα. | |
| 245 | 1 | 0 | |a Εκπαίδευση και κοινωνία: |b μια 'ετεροπαιδαγωγική' διαχρονική προσέγγιση. |c Πέλλα Καλογιαννάκη. |
| 260 | |a Αθήνα: |b Διάδραση, |c 2021. | ||
| 300 | |a 423 σ. : |b εικ., πιν. ; |c 25 εκ. | ||
| 504 | |a Περιλαμβάνει βιβλιογραφικές αναφορές. | ||
| 650 | 0 | |a Socialization. | |
| 650 | 0 | |a Educational sociology. | |
| 650 | 0 | |a Education |x Social aspects. | |
| 970 | |a Σιδερή |b Νεκταρία |z 2022/05/13 | ||